000 00604nam a2200217Ia 4500
001 56850
008 140506s9999 xx 000 0 und d
020 _a8131200027
040 _cPK-LaUMT
082 _a 610.28
_bEND-I
100 _aEnderle, John D.
245 _aIntroduction to biomedical engineering
_cEnderle, John D.<>Blanchard, Susan M.<>Bronzino, Joseph D.
250 _a2nd
260 _aSan Diego,USA:
_bAcademic Press,
_c2005
300 _a1118 p.
546 _aEN
650 _aBiomedical engineering
700 _aBlanchard, Susan M.
700 _aBronzino, Joseph D.
942 _cBK
999 _c54142
_d54142